000 00511nam a22001697a 4500
005 20240116071820.0
008 231107b |||||||| |||| 00| 0 eng d
020 _a0409029408
041 _aAfrikaans
082 _a346.43 GIL
100 _aGildenhuys, A
_lAfrikaans
245 _aOnteieningsreg /
_cA Gildenhuys
260 _aDurban :
_bButterworth-Uitgewers (EDMS) Bpk,
_c1976
300 _bxii, 393 pages ;
_c25,5 cm.
650 _aLegal practice
_bLaw
942 _cBK
_6ALISON_BN_VRIES
999 _c377
_d377